00692nam a2200193Ia 4500003000900000008004100009040001600050080001900066100002200085245009800107260004600205300001400251650003000265650004900295700002700344942000700371999001500378952010500393IN-BaIIA211028s9999 xx 000 0 eng d cIIA Library a524.3-5bCOX-1 aCox, John P98289 0aPrinciples of stellar structurebvol. 1, physical principlescJohn P. Cox and Thomas R. Giuli aNew YorkbGordon and Breach Sciencec1968 axx, 568p. a Stellar structure98290 aAstronomy and astrophysics thesaurus 91143 aGiuli, Thomas R.98291 cBK c4682d4682 00104070aBANbBANcGENd1975-02-12l0o524.3-5/ COX-1p5228r2021-11-05w1975-02-12yBKG£ 27.20